HUMAN RESOURCE MANAGEMENT : (Registro nro. 46128)
[ vista simple ]
| 000 -LEADER | |
|---|---|
| fixed length control field | 00911nam a2200205 a 4500 |
| 001 - CONTROL NUMBER | |
| control field | 46128 |
| 005 - DATE AND TIME OF LATEST TRANSACTION | |
| control field | 20180714025557.0 |
| 008 - FIXED-LENGTH DATA ELEMENTS--GENERAL INFORMATION | |
| fixed length control field | 140415s1996 000 0 spa d |
| 020 ## - INTERNATIONAL STANDARD BOOK NUMBER | |
| International Standard Book Number | 0134465768 |
| 041 ## - LANGUAGE CODE | |
| Language code of text/sound track or separate title | spa |
| 082 ## - DEWEY DECIMAL CLASSIFICATION NUMBER | |
| Classification number | 658.3 |
| Item number | HAR |
| 100 1# - MAIN ENTRY--PERSONAL NAME | |
| Personal name | HARVEY, DON |
| 245 10 - TITLE STATEMENT | |
| Title | HUMAN RESOURCE MANAGEMENT : |
| Remainder of title | AN EXPERIENTIAL APPROACH |
| 250 ## - EDITION STATEMENT | |
| Edition statement | 1a ed. |
| 260 ## - PUBLICATION, DISTRIBUTION, ETC. | |
| Place of publication, distribution, etc. | [s.l.] : |
| Name of publisher, distributor, etc. | PRENTICE-HALL, INC., |
| Date of publication, distribution, etc. | 1996 |
| 300 ## - PHYSICAL DESCRIPTION | |
| Extent | 350 |
| Dimensions | 21 x 2 x 27.5 |
| 520 ## - SUMMARY, ETC. | |
| Summary, etc. | ESTE LIBRO ACERCA DE LA ADMINISTRACION DE RECURSOS, ABORDA LA DISCIPLINA QUE DEBE DE IMPLEMENTAR LOS TRABAJADORES PARA LA EFECTIVIDAD DE LA EMPRESA. TAMBIEN PRESENTA LA ADMINISTRACION DEPENDIENDO DE LOS DISTINTOS CAMBIOS DEL MUNDO. EL LIBRO ES PARA QUE LOS ALUMNOS APRENDAN ACERCA DE LA ADMINISTRACION DE RECURSOS HUMANOS. |
| 650 14 - SUBJECT ADDED ENTRY--TOPICAL TERM | |
| Topical term or geographic name entry element | ADMINISTRACION DE RECURSOS HUMANOS |
| General subdivision | RECURSOS HUMANOS |
| 700 1# - ADDED ENTRY--PERSONAL NAME | |
| Personal name | BOWIN, ROBERT BRUCE |
| Relator term | coaut. |
| Withdrawn status | Lost status | Source of classification or shelving scheme | Damaged status | Not for loan | Collection code | Home library | Current library | Shelving location | Date acquired | Source of acquisition | Inventory number | Total Checkouts | Full call number | Barcode | Date last seen | Date last checked out | Price effective from | Koha item type |
|---|---|---|---|---|---|---|---|---|---|---|---|---|---|---|---|---|---|---|
| Dewey Decimal Classification | General | Biblioteca Karol Wojtyla | Biblioteca Karol Wojtyla | Sala general | 03/12/2013 | Compra | 151000000000000000021796 | 658.3 HAR | 69194 | 05/01/2026 | 12/02/2016 | 03/12/2013 | Libro |